Purchase policy and procedures of Indian railways and analysis of its effectiveness (Record no. 481089)

000 -LEADER
fixed length control field 00440cam a22001337a 4500
008 - FIXED-LENGTH DATA ELEMENTS--GENERAL INFORMATION
fixed length control field 180718b1995 xxu||||| |||| 00| 0 eng d
082 ## - DEWEY DECIMAL CLASSIFICATION NUMBER
Classification number APPPA 94-95 SIN/A
100 ## - MAIN ENTRY--PERSONAL NAME
Personal name Singh, A.K.
245 ## - TITLE STATEMENT
Title Purchase policy and procedures of Indian railways and analysis of its effectiveness
Statement of responsibility, etc. by A.K. Singh
260 ## - PUBLICATION, DISTRIBUTION, ETC.
Place of publication, distribution, etc. New Delhi
Name of publisher, distributor, etc. Indian Institute of Public Administration
Date of publication, distribution, etc. 1995
300 ## - PHYSICAL DESCRIPTION
Extent 115p.
650 ## - SUBJECT ADDED ENTRY--TOPICAL TERM
Topical term or geographic name entry element APPPA
650 ## - SUBJECT ADDED ENTRY--TOPICAL TERM
Topical term or geographic name entry element Rail Roads - India
Holdings
Withdrawn status Lost status Damaged status Not for loan Permanent Location Current Location Date acquired Full call number Barcode Checked out Date last seen Price effective from Koha item type
        Indian Institute of Public Administration Indian Institute of Public Administration 2018-08-04 APPPA 94-95 SIN/A GR14008 2010-11-05 2018-08-04 2018-08-04 GR

Powered by Koha